| 000 | 00437nam a2200181Ia 4500 | ||
|---|---|---|---|
| 003 | 0100 | ||
| 008 | 130303s9999 xx 000 0 und d | ||
| 040 | _cARRUPELIB | ||
| 050 | _aMT860.M388 1960 | ||
| 100 | _aMary Demetria, Sr | ||
| 245 | _aBasic Gregorian chant and sight reading | ||
| 245 | _bmovable do ed. | ||
| 260 | _aToledo OH | ||
| 260 | _bGregorian Institute of America | ||
| 260 | _C1960 | ||
| 300 | _a100p | ||
| 942 | 0 | 0 | _01 |
| 999 |
_c46170 _d46170 |
||